LEADER 00841oam 2200253z- 450 001 9910154794903321 005 20180629082813.0 010 $a1-68103-292-9 035 $a(CKB)3710000000972287 035 $a(EXLCZ)993710000000972287 100 $a20190224c2017uuuu -u- - 101 0 $aeng 200 10$aParrotfish /$fby Mari Schuh 210 $cBellwether Media 311 $a1-62617-571-3 330 $a"Simple text and full-color photography introduce beginning readers to parrotfish. Developed by literacy experts for students in kindergarten through third grade"--$cProvided by publisher. 606 $aParrotfishes$vJuvenile literature 615 0$aParrotfishes 676 $a597/.7 700 $aSchuh$b Mari C.$f1975-$01247882 906 $aBOOK 912 $a9910154794903321 996 $aParrotfish$92892593 997 $aUNINA LEADER 01719cam a2200313 4500 001 991003186319707536 005 20250430130140.0 008 940527s1677 it b 001 0 ita d 035 $ab14294618-39ule_inst 035 $aCICOGNARA-A2012-0106$9ExL 040 $aBibl. Interfacoltà T. Pellegrino$bita 100 1 $aBocchi, Francesco$d<1548-1618>$0211990 245 13$aLe bellezze della citta di Firenze :$bdove a pieno di pittura di scultura, di sacri templi, di palazzi, i più notabili artifizj e più preziosi si contengono /$cscritte già da M. Francesco Bocchi ; ed ora da M. Giovanni Cinelli ampliate ed accresciute. 260 $aIn Firenze :$bper Gio. Gugliantini,$c1677. 300 $a4 f. p., 584, [36] p.; $c8° (18 cm). 500 $aDedicated to: "All'Eminentiss. e Reverendiss. Sig. Mio Sig. e Padrone Colendiss. il Sig. Cardinale Francesco Neri Arcivesc. di Firenze". 500 $aDedication signed: Giovanni Cinelli. 500 $aIncludes index. 500 $aRiproduzione in microfiche dell'originale conservato presso la Biblioteca Apostolica Vaticana 651 4$aFirenze$xGuide 700 1 $aCinelli Calvoli, Giovanni$d<1625-1706> 787 18$iLeopoldo Cicognara Program :$tBiblioteca Cicognara$h[microform] : literary sources in the history of art and kindred subjects 787 18$tCatalogo ragionato dei libri d'arte e d'antichità / Leopoldo Cicognara 907 $a.b14294618$b01-04-22$c28-07-16 912 $a991003186319707536 945 $aLE002 SB Raccolta Cicognara, mcrf 4209$g0$lle002$pE0.00$rn$so $t11$u0$v0$w0$x0$y.i15766081$z28-07-16 996 $aBellezze della città di Firenze$9606124 997 $aUNISALENTO 998 $ale002$b28-07-16$cm$dg $e-$fita$git $h3$i1